All 1M Cities on the Map of Asia - Statistics

General Stats
  • This quiz has been taken 2,456 times
  • The average score is 110 of 279
Answers on the Map
Answers color-coded by a green-red scale on the quiz's map according to % correct below.
 
Answer Stats
City % Correct
Istanbul
93%
Ankara
92%
Tokyo
91%
Dubai
90%
Tehran
90%
Baghdad
89%
Bangkok
89%
Delhi
89%
Abu Dhabi
88%
Beijing
88%
Jakarta
88%
Manila
88%
Damascus
87%
Mumbai
87%
Riyadh
87%
Osaka
86%
Seoul
86%
Singapore
86%
Kabul
85%
Kuwait City
85%
Rawalpindi
85%
Shanghai
85%
Taipei
85%
Tel Aviv-Jaffa
85%
Amman
84%
Baku
84%
Dhaka
84%
Hanoi
84%
Kuala Lumpur
84%
Doha
83%
Ho Chi Minh City
83%
Hong Kong
83%
Sana'a
83%
Beirut
82%
Karachi
82%
Mecca
82%
Pyongyang
81%
Ulaanbaatar
81%
Guangzhou
80%
Muscat
80%
Colombo
79%
Kolkata
79%
Tashkent
79%
Kathmandu
78%
Tbilisi
78%
Yerevan
78%
Jeddah
77%
Lahore
77%
Chennai
76%
Izmir
76%
Phnom Penh
76%
Bangalore
75%
Xi'an
75%
Busan
74%
Hyderabad
74%
Manama
73%
Sapporo
72%
Wuhan
72%
Yangon
72%
Ashgabat
71%
Bishkek
71%
Hiroshima
71%
Nagoya
71%
Aleppo
70%
Almaty
70%
Ürümqi
70%
Ahmedabad
69%
Chengdu
69%
Medina
69%
Tianjin
69%
Chongqing
68%
Gaza
64%
Xiamen
64%
Harbin
63%
Surabaya
63%
Chittagong
62%
Antalya
60%
Nanjing
60%
Pune
60%
Novosibirsk
59%
Bandung
58%
Cebu
57%
Jaipur
57%
Fukuoka
56%
Hangzhou
56%
Isfahan
55%
Surat
55%
Yekaterinburg
55%
Mosul
54%
Qingdao
54%
Shenyang
54%
Lucknow
53%
Mashhad
53%
Omsk
53%
Agra
52%
Dalian
51%
Basra
50%
Kunming
50%
Bursa
49%
Mandalay
49%
Medan
49%
Changsha
48%
Daegu
48%
Fuzhou
48%
Denpasar
47%
Faisalabad
46%
Zhengzhou
46%
Dammam
45%
Davao
45%
Hefei
45%
Nanning
44%
Chelyabinsk
43%
Adana
42%
Sendai
42%
Shantou
42%
Wenzhou
42%
Nagpur
41%
Shiraz
41%
Erbil
40%
Gaziantep
40%
Tabriz
40%
Kanpur
39%
Kaohsiung
38%
Makassar
38%
Konya
37%
George Town
36%
Indore
36%
Krasnoyarsk
36%
Naha
36%
Changchun
35%
Jinan
35%
Ningbo
35%
Patna
35%
Qom
35%
Bhopal
34%
Changshu
33%
Lanzhou
32%
Peshawar
32%
Shijiazhuang
32%
Taiyuan
32%
Wuxi
32%
Haikou
31%
Palembang
31%
Quetta
31%
Zibo
30%
Yogyakarta
29%
Taichung
28%
Varanasi
28%
Amritsar
27%
Coimbatore
27%
Gwangju
27%
Kirkuk
27%
Angeles
26%
Kochi
26%
Multan
26%
Daejeon
25%
Jodhpur
25%
Nanchang
25%
Okayama
25%
Tainan
25%
Jilin
24%
Bhilai
23%
Guiyang
23%
Kayseri
23%
Kitakyushu
23%
Ulsan
23%
Vishakhapatnam
23%
Xuzhou
23%
Ahvaz
22%
Allahabad
22%
Anshan
22%
Semarang
22%
Gujranwala
21%
Huhehot
21%
Srinagar
20%
Kumamoto
19%
Madurai
19%
Baotou
18%
Chandigarh
18%
Changzhou
18%
Hamamatsu
18%
Huizhou
18%
Luoyang
18%
Rajkot
18%
Ludhiana
17%
Qiqihar
17%
Tangshan
17%
Vadodara
17%
Yantai
17%
Linyi
16%
Shizuoka
16%
Surakarta
16%
Taizhou
16%
Cixi
15%
Nantong
15%
Weifang
15%
Xining
15%
Bandar Lampung
14%
Baoding
14%
Daqing
14%
Fuji
14%
Malang
14%
Mysore
14%
Ranchi
14%
Salem
14%
Aurangabad
13%
Datong
13%
Guwahati
13%
Khulna
13%
Kotā
13%
Pekanbaru
13%
Vijayawada
13%
Wuhu
13%
Batam
12%
Bhubaneswar
12%
Changwon
12%
Chonburi
12%
Guilin
12%
Gwalior
12%
Jamshedpur
12%
Meerut
12%
Yangzhou
12%
Yinchuan
12%
Zhuhai
12%
Āsansol
11%
Dhanbad
11%
Jabalpur
11%
Liuzhou
11%
Yiwu
11%
Anyang
10%
Bareilly
10%
Huai'an
10%
Huainan
10%
Jining
10%
Maoming
10%
Alīgarh
9%
Handan
9%
Kaifeng
9%
Morādābād
9%
Nanchong
9%
Putian
9%
Serang
9%
Tai'an
9%
Baoji
8%
Hengyang
8%
Hubli
8%
Jinzhou
8%
Qinhuangdao
8%
Wanzhou
8%
Xiangyang
8%
Xinxiang
8%
Zhanjiang
8%
Bengbu
7%
Benxi
7%
Chifeng
7%
Jiangyin
7%
Nanyang
7%
Rizhao
7%
Tiruppur
7%
Yichang
7%
Zhangjiakou
7%
Zhuzhou
7%
Huaibei
6%
Mianyang
6%
Nasik
6%
Xingtai
6%
Yancheng
6%
Zhenjiang
6%
Zunyi
6%
Cangnan
5%
Lianyungang
5%
Ma'anshan
5%
Qingyuan
5%
Tiruchirappalli
5%
Xiangtan
5%
Jiaozuo
4%
Sholapur
4%
Jullundur
3%
No matching quizzes found
Score Distribution
Percent of People with Each Score
Percentile by Number Answered
Your Score History
You have not taken this quiz